<?xml version="1.0" encoding="UTF-8"?>
<record
    xmlns:xsi="http://www.w3.org/2001/XMLSchema-instance"
    xsi:schemaLocation="http://www.loc.gov/MARC21/slim http://www.loc.gov/standards/marcxml/schema/MARC21slim.xsd"
    xmlns="http://www.loc.gov/MARC21/slim">

  <leader>01948cam a22002895a 4500</leader>
  <controlfield tag="001">17689263</controlfield>
  <controlfield tag="005">20160503145301.0</controlfield>
  <controlfield tag="008">130408s2013    enka   frb    001 0 eng d</controlfield>
  <datafield tag="020" ind1=" " ind2=" ">
    <subfield code="a">9780415629133 (paperback : alkaline paper)</subfield>
  </datafield>
  <datafield tag="040" ind1=" " ind2=" ">
    <subfield code="a">DLC</subfield>
    <subfield code="c">DLC</subfield>
    <subfield code="d">DLC</subfield>
    <subfield code="d">EG-ScBUE</subfield>
    <subfield code="b">eng</subfield>
  </datafield>
  <datafield tag="082" ind1="0" ind2="4">
    <subfield code="a">624.0681</subfield>
    <subfield code="2">22</subfield>
    <subfield code="b">POT</subfield>
  </datafield>
  <datafield tag="100" ind1="1" ind2=" ">
    <subfield code="a">Potts, Keith F.</subfield>
    <subfield code="9">37737</subfield>
  </datafield>
  <datafield tag="245" ind1="1" ind2="0">
    <subfield code="a">Construction cost management :</subfield>
    <subfield code="b">learning from case studies /</subfield>
    <subfield code="c">Keith Potts and Nii Ankrah.</subfield>
  </datafield>
  <datafield tag="250" ind1=" " ind2=" ">
    <subfield code="a">2nd ed.</subfield>
  </datafield>
  <datafield tag="260" ind1=" " ind2=" ">
    <subfield code="a">Oxon ;</subfield>
    <subfield code="a">New York :</subfield>
    <subfield code="b">Routledge / Taylor &amp; Francis Group,</subfield>
    <subfield code="c">2013.</subfield>
  </datafield>
  <datafield tag="300" ind1=" " ind2=" ">
    <subfield code="a">xix, 367 p. :</subfield>
    <subfield code="b">ill. ;</subfield>
    <subfield code="c">26 cm.</subfield>
  </datafield>
  <datafield tag="500" ind1=" " ind2=" ">
    <subfield code="a">Index : p. 359-367.</subfield>
  </datafield>
  <datafield tag="504" ind1=" " ind2=" ">
    <subfield code="a">Includes bibliographical references.</subfield>
  </datafield>
  <datafield tag="505" ind1="0" ind2=" ">
    <subfield code="a">Part 1. Introduction -- Introduction and Overview -- Reports and Recommendations -- Part 2. Management of the Pre-contract Stage -- Selecting the Cosultants and Contractors -- Pre-contract Cost Management -- Cost Management on PFI Projects -- Contractor's Estimating and Tendering -- Part 3. Key Tools and Techniques -- Value Management -- Risk Management -- Whole-life Costing -- Part 4. Procurement Strategies -- Organizational Methods -- Organizational Methods -- Payment Systems and Contract Administration -- Part 5. Management of the Post-contract Stage -- Contractors' Cost Control and Monitoring Procedures -- Change Management : Valuing Variations -- Claims Management -- Part 6. Contracts and Case Studies -- The Engineering and Construction Contract -- FIDIC Standard Forms of International Construction Contract -- Case Study: Heathrow Terminal.</subfield>
  </datafield>
  <datafield tag="650" ind1=" " ind2="7">
    <subfield code="a">Construction industry</subfield>
    <subfield code="x">Costs.</subfield>
    <subfield code="2">BUEsh</subfield>
    <subfield code="9">34866</subfield>
  </datafield>
  <datafield tag="650" ind1=" " ind2="7">
    <subfield code="a">Construction industry</subfield>
    <subfield code="x">Cost control.</subfield>
    <subfield code="2">BUEsh</subfield>
    <subfield code="9">32855</subfield>
  </datafield>
  <datafield tag="650" ind1=" " ind2="7">
    <subfield code="a">Construction industry</subfield>
    <subfield code="x">Costs</subfield>
    <subfield code="v">Case studies.</subfield>
    <subfield code="2">BUEsh</subfield>
    <subfield code="9">37738</subfield>
  </datafield>
  <datafield tag="650" ind1=" " ind2="7">
    <subfield code="a">Construction industry</subfield>
    <subfield code="x">Cost control</subfield>
    <subfield code="v">Case studies.</subfield>
    <subfield code="2">BUEsh</subfield>
    <subfield code="9">37739</subfield>
  </datafield>
  <datafield tag="653" ind1=" " ind2=" ">
    <subfield code="b">ENGARC</subfield>
    <subfield code="c">April2015</subfield>
    <subfield code="c">May2016</subfield>
  </datafield>
  <datafield tag="700" ind1="1" ind2=" ">
    <subfield code="a">Ankrah, Nii.</subfield>
    <subfield code="9">37740</subfield>
  </datafield>
  <datafield tag="942" ind1=" " ind2=" ">
    <subfield code="2">ddc</subfield>
    <subfield code="k">624.0681 POT</subfield>
  </datafield>
  <datafield tag="999" ind1=" " ind2=" ">
    <subfield code="c">19227</subfield>
    <subfield code="d">19199</subfield>
  </datafield>
  <datafield tag="952" ind1=" " ind2=" ">
    <subfield code="0">0</subfield>
    <subfield code="1">0</subfield>
    <subfield code="2">ddc</subfield>
    <subfield code="4">0</subfield>
    <subfield code="7">0</subfield>
    <subfield code="8">Baccah</subfield>
    <subfield code="a">MAIN</subfield>
    <subfield code="b">MAIN</subfield>
    <subfield code="c">1ST</subfield>
    <subfield code="d">2015-04-27</subfield>
    <subfield code="e">purchase</subfield>
    <subfield code="g">366.00</subfield>
    <subfield code="h">2447</subfield>
    <subfield code="l">4</subfield>
    <subfield code="m">16</subfield>
    <subfield code="o">624.0681 POT</subfield>
    <subfield code="p">000038081</subfield>
    <subfield code="r">2025-07-15 00:00:00</subfield>
    <subfield code="s">2020-02-15</subfield>
    <subfield code="v">457.50</subfield>
    <subfield code="y">BB</subfield>
  </datafield>
  <datafield tag="952" ind1=" " ind2=" ">
    <subfield code="0">0</subfield>
    <subfield code="1">0</subfield>
    <subfield code="2">ddc</subfield>
    <subfield code="4">0</subfield>
    <subfield code="7">0</subfield>
    <subfield code="8">Alahram</subfield>
    <subfield code="a">MAIN</subfield>
    <subfield code="b">MAIN</subfield>
    <subfield code="c">1ST</subfield>
    <subfield code="d">2016-05-03</subfield>
    <subfield code="e">Purchase</subfield>
    <subfield code="g">297.00</subfield>
    <subfield code="l">2</subfield>
    <subfield code="m">7</subfield>
    <subfield code="o">624.0681 POT</subfield>
    <subfield code="p">000032418</subfield>
    <subfield code="r">2025-07-15 00:00:00</subfield>
    <subfield code="s">2020-12-10</subfield>
    <subfield code="v">371.25</subfield>
    <subfield code="y">BB</subfield>
  </datafield>
</record>
